[Event "Liga Vasca 2010 - Division de Honor"]
[Site "Euskadi ESP"]
[Date "2010.01.09"]
[Round "1.11"]
[White "Alonso Arburu, Juan Ignacio"]
[Black "Franco Alonso, Alejandro"]
[Result "0-1"]
[WhiteElo "2372"]
[BlackElo "2472"]
[PlyCount "108"]
[EventDate "2010.01.09"]
[EventType "team"]
[EventRounds "9"]
[EventCountry "ESP"]
[Source "lmi"]
[SourceDate "2010.01.09"]

1. c4 e5 2. Nc3 Nf6 3. g3 d5 4. cxd5 Nxd5 5. Bg2 Nb6 6. a3 Be7 7. Nf3 Nc6 8. b4
Be6 9. Rb1 f6 10. O-O O-O 11. d3 Nd4 12. Ne4 Ba2 13. Rb2 Bd5 14. Ne1 a5 15. e3
Ne6 16. Bd2 axb4 17. axb4 f5 18. Nc3 Bxg2 19. Kxg2 Kh8 20. Qb3 Qd7 21. Nf3 Bf6
22. Rd1 e4 23. dxe4 fxe4 24. Ng1 Qf7 25. Rdb1 Nc4 26. Qc2 Nxb2 27. Rxb2 Ng5 28.
Rb1 Be5 29. Be1 Ra3 30. Nce2 Nf3 31. Nf4 Bxf4 32. exf4 Qd5 33. Bc3 Ra2 34. Rb2
Rxb2 35. Qxb2 Rf7 36. Qa1 h6 37. Qa8+ Kh7 38. Qe8 Nxg1 39. Kxg1 Rd7 40. h4 h5
41. Kh2 Qf5 42. Kg2 Rd3 43. Ba1 c6 44. Qe7 Rd7 45. Qe8 b6 46. Bc3 c5 47. b5 c4
48. Be5 e3 49. Bc3 exf2 50. Kxf2 Qc2+ 51. Kg1 Rd1+ 52. Be1 Qg6 53. Qe3 Qd3 54.
Qf2 c3 0-1

[Event "Liga Vasca 2010 - Division de Honor"]
[Site "Euskadi ESP"]
[Date "2010.01.09"]
[Round "1.12"]
[White "Huerga Leache, Mikel"]
[Black "Cruz-Lopez Claret, Carlos"]
[Result "1-0"]
[WhiteElo "2435"]
[BlackElo "2318"]
[PlyCount "75"]
[EventDate "2010.01.09"]
[EventType "team"]
[EventRounds "9"]
[EventCountry "ESP"]
[Source "lmi"]
[SourceDate "2010.01.09"]

1. e4 e5 2. Nf3 Nc6 3. Bb5 f5 4. Bxc6 dxc6 5. Nc3 Nf6 6. Qe2 Bd6 7. d4 exd4 8.
e5 dxc3 9. exf6+ Kf8 10. fxg7+ Kxg7 11. O-O f4 12. bxc3 Re8 13. Qd3 Qf6 14. Rb1
Bf5 15. Qd1 Rad8 16. Rxb7 Be4 17. c4 c5 18. Bb2 Bxb7 19. Bxf6+ Kxf6 20. Qa1+
Kf7 21. Re1 Bxf3 22. Rxe8 Rxe8 23. gxf3 Re5 24. Qc3 Rg5+ 25. Kf1 Rh5 26. Qa5
Rxh2 27. Qxa7 Rh1+ 28. Kg2 Rc1 29. Qa3 Rxc2 30. Qb3 Rd2 31. a4 Be5 32. a5 Bd4
33. a6 Rxf2+ 34. Kh3 Be3 35. a7 Rxf3+ 36. Kg4 Rg3+ 37. Kf5 Rg8 38. Qb8 1-0

[Event "Liga Vasca 2010 - Division de Honor"]
[Site "Euskadi ESP"]
[Date "2010.01.09"]
[Round "1.13"]
[White "Serras Uria, Antonio"]
[Black "Gonzalez de la Torre, Santiago"]
[Result "0-1"]
[WhiteElo "2206"]
[BlackElo "2405"]
[PlyCount "99"]
[EventDate "2010.01.09"]
[EventType "team"]
[EventRounds "9"]
[EventCountry "ESP"]
[Source "lmi"]
[SourceDate "2010.01.09"]

1. Nf3 Nf6 2. g3 c5 3. Bg2 d5 4. b3 g6 5. Bb2 Bg7 6. O-O O-O 7. d3 d4 8. c4 Nc6
9. a3 a5 10. Nbd2 h6 11. Ne1 Bf5 12. Ne4 Qb6 13. Rb1 Rad8 14. Bc1 Nxe4 15. dxe4
Be6 16. Bd2 a4 17. Nd3 axb3 18. Qxb3 Qxb3 19. Rxb3 Bxc4 20. Rxb7 Bxd3 21. exd3
Ne5 22. Rb3 Rb8 23. Rfb1 Rxb3 24. Rxb3 Nxd3 25. Rxd3 c4 26. Rf3 Rb8 27. Bf1 c3
28. Rd3 Rb1 29. f4 e6 30. e5 c2 31. Kf2 Bf8 32. Ke2 Bc5 33. Bg2 Bb6 34. f5 Ba5
35. Bxh6 Re1+ 36. Kf2 Re3 37. Rxd4 Be1+ 38. Kxe3 c1=Q+ 39. Ke2 Qb2+ 40. Kxe1
Qxd4 41. fxe6 fxe6 42. Ke2 Qg1 43. Kf3 Qxh2 44. Bf4 Qh7 45. a4 Qb7+ 46. Kf2
Qa7+ 47. Kf3 Qa8+ 48. Kf2 Qxa4 49. Bf3 Qc2+ 50. Ke3 0-1

[Event "Liga Vasca 2010 - Division de Honor"]
[Site "Euskadi ESP"]
[Date "2010.01.09"]
[Round "1.14"]
[White "Argandoña Rivero, Iñigo"]
[Black "Alonso Arburu, Jose Maria"]
[Result "1-0"]
[WhiteElo "2382"]
[BlackElo "2101"]
[PlyCount "87"]
[EventDate "2010.01.09"]
[EventType "team"]
[EventRounds "9"]
[EventCountry "ESP"]
[Source "lmi"]
[SourceDate "2010.01.09"]

1. Nf3 Nf6 2. c4 e6 3. g3 c5 4. Bg2 Nc6 5. O-O Be7 6. Nc3 O-O 7. d4 d6 8. d5
exd5 9. cxd5 Nb8 10. Nd2 Nbd7 11. a4 Ne5 12. f4 Ng6 13. Nc4 Nd7 14. a5 a6 15.
e4 b5 16. axb6 Nxb6 17. Na5 Qc7 18. Nc6 Bb7 19. Nxe7+ Nxe7 20. f5 Nd7 21. Bf4
f6 22. g4 Rab8 23. h4 Rf7 24. g5 Bc8 25. Rf2 Ne5 26. h5 Nd7 27. g6 Rf8 28. Bf1
Rb6 29. Rg2 h6 30. Qc1 Ne5 31. Be2 c4 32. Bxh6 Nxf5 33. exf5 gxh6 34. Qxh6 Qg7
35. Qe3 Qa7 36. Rf1 Rb7 37. Qxa7 Rxa7 38. h6 Re7 39. Ne4 Nd7 40. Nxd6 Nb6 41.
Rf3 Bb7 42. Nxb7 Rxb7 43. g7 Rc8 44. h7+ 1-0

[Event "Liga Vasca 2010 - Division de Honor"]
[Site "Euskadi ESP"]
[Date "2010.02.13"]
[Round "1.21"]
[White "Miguel Quintero, Francisco"]
[Black "Garbisu de Goñi, Unai"]
[Result "1/2-1/2"]
[WhiteElo "2258"]
[BlackElo "2458"]
[PlyCount "39"]
[EventDate "2010.01.09"]
[EventType "team"]
[EventRounds "9"]
[EventCountry "ESP"]
[Source "lmi"]
[SourceDate "2010.01.09"]

1. e4 e5 2. Nf3 Nc6 3. Nc3 Nf6 4. d4 exd4 5. Nxd4 Bb4 6. Nxc6 bxc6 7. Bd3 O-O
8. O-O d5 9. exd5 cxd5 10. Bg5 c6 11. Qf3 Be7 12. Rae1 Be6 13. h3 Re8 14. Ne2
h6 15. Bf4 Qb6 16. b3 Rad8 17. Be5 Nd7 18. Bf4 Nf6 19. Be5 Bd7 20. Bf4 1/2-1/2

[Event "Liga Vasca 2010 - Division de Honor"]
[Site "Euskadi ESP"]
[Date "2010.02.13"]
[Round "1.22"]
[White "Rada Equiza, Miguel"]
[Black "Miguel Quintero, Antonio"]
[Result "1-0"]
[WhiteElo "2262"]
[BlackElo "2181"]
[PlyCount "65"]
[EventDate "2010.01.09"]
[EventType "team"]
[EventRounds "9"]
[EventCountry "ESP"]
[Source "lmi"]
[SourceDate "2010.01.09"]

1. e4 c5 2. Nf3 e6 3. c4 Qc7 4. Nc3 a6 5. Be2 Nc6 6. O-O Nf6 7. a3 Be7 8. d4
cxd4 9. Nxd4 O-O 10. Be3 d6 11. Rc1 Nxd4 12. Qxd4 e5 13. Qd3 Bd7 14. Bg5 Bc6
15. b4 b6 16. Rfd1 Rfd8 17. Bxf6 Bxf6 18. b5 Bb7 19. Nd5 Qc5 20. Qg3 Kf8 21.
Rc3 Be7 22. Nxe7 Kxe7 23. Qh4+ Kd7 24. Qxh7 Kc7 25. Qxg7 Bxe4 26. Bf3 Bxf3 27.
Qxf7+ Kb8 28. Qxf3 Ra7 29. Qd5 Qc8 30. c5 bxc5 31. bxa6 Qxa6 32. Rxc5 Qxa3 33.
Rb1+ 1-0

[Event "Liga Vasca 2010 - Division de Honor"]
[Site "Euskadi ESP"]
[Date "2010.02.13"]
[Round "1.23"]
[White "Alcaide Luque, Aitor"]
[Black "Rebole Arbea, Jose Ignacio"]
[Result "1/2-1/2"]
[WhiteElo "2144"]
[BlackElo "2236"]
[PlyCount "104"]
[EventDate "2010.01.09"]
[EventType "team"]
[EventRounds "9"]
[EventCountry "ESP"]
[Source "lmi"]
[SourceDate "2010.01.09"]

1. d4 f5 2. Nc3 Nf6 3. Bg5 d5 4. Bxf6 exf6 5. e3 Be6 6. Bd3 Qd7 7. Qf3 Nc6 8.
Nge2 Nb4 9. O-O-O Nxd3+ 10. Rxd3 O-O-O 11. Kb1 h5 12. Nc1 h4 13. Nb3 b6 14. h3
Bf7 15. Qe2 Re8 16. Rdd1 Kb7 17. Qd3 a6 18. Ne2 Bd6 19. Qd2 Bh5 20. Rc1 Bf7 21.
Rce1 g5 22. Nbc1 Re7 23. Nd3 Rc8 24. g3 Rh8 25. f4 Qe8 26. gxh4 Rxh4 27. Ng3
Be6 28. Qg2 Ka7 29. Rhf1 Qg6 30. Ne2 Qh6 31. Ng1 Rg7 32. fxg5 fxg5 33. Nf3 Rxh3
34. Rh1 g4 35. Nfe5 Rh7 36. Rhf1 Rh2 37. Qg1 Kb7 38. a4 a5 39. Qg3 Qh3 40. Qf4
Qh6 41. Qg3 Qg7 42. Rc1 R7h3 43. Qe1 Bxe5 44. Nxe5 Qe7 45. Ng6 Qb4 46. Nf4 Rh6
47. Nxe6 Rxe6 48. Rxf5 Qxe1 49. Rxe1 Rg6 50. Rg1 g3 51. Rff1 Rf2 52. Kc1 Re6
1/2-1/2

[Event "Liga Vasca 2010 - Division de Honor"]
[Site "Euskadi ESP"]
[Date "2010.02.13"]
[Round "1.24"]
[White "Ortega Lopez, Adrian"]
[Black "Alcaide Rodriguez, Mikel"]
[Result "0-1"]
[WhiteElo "1869"]
[BlackElo "1794"]
[PlyCount "48"]
[EventDate "2010.01.09"]
[EventType "team"]
[EventRounds "9"]
[EventCountry "ESP"]
[Source "lmi"]
[SourceDate "2010.01.09"]

1. e4 c5 2. Nf3 d6 3. d4 cxd4 4. Nxd4 Nf6 5. Nc3 g6 6. Be3 Bg7 7. f3 O-O 8. Qd2
Nc6 9. h4 Nxd4 10. Bxd4 Be6 11. h5 Qa5 12. g4 Rac8 13. Bh3 Qb4 14. O-O-O Rc4
15. h6 Bh8 16. g5 Nxe4 17. Nxe4 Qxd2+ 18. Nxd2 Rxd4 19. c3 Rd5 20. Bg2 Rxg5 21.
Rdg1 Ra5 22. a3 Bf5 23. f4 b6 24. Nf3 Ra4 0-1

[Event "Liga Vasca 2010 - Division de Honor"]
[Site "Euskadi ESP"]
[Date "2010.01.09"]
[Round "1.31"]
[White "Edouard, Romain"]
[Black "Astasio Lopez, David"]
[Result "1/2-1/2"]
[WhiteElo "2608"]
[BlackElo "2303"]
[PlyCount "73"]
[EventDate "2010.01.09"]
[EventType "team"]
[EventRounds "9"]
[EventCountry "ESP"]
[Source "lmi"]
[SourceDate "2010.01.09"]

1. e4 c5 2. Nf3 e6 3. d4 cxd4 4. Nxd4 Nf6 5. Nc3 Nc6 6. g3 Be7 7. Bg2 O-O 8.
O-O a6 9. Re1 Qc7 10. Nxc6 dxc6 11. e5 Rd8 12. Qf3 Nd5 13. Bf4 Nxc3 14. Qxc3
Bd7 15. h4 c5 16. Bg5 Bxg5 17. hxg5 Rac8 18. Rad1 Be8 19. Be4 g6 20. Bf3 Qe7
21. Qe3 Bc6 22. Bxc6 Rxc6 23. Qf4 Rcc8 24. Qf6 Qc7 25. Kg2 Rd7 26. Rh1 Qc6+ 27.
f3 Rcd8 28. Qxd8+ Rxd8 29. Rxd8+ Kg7 30. Rd2 Qc7 31. Re2 Qa5 32. a3 Qb5 33. c4
Qxc4 34. Rd2 Qb5 35. Kf2 a5 36. Rc1 Qb6 37. Ke2 1/2-1/2

[Event "Liga Vasca 2010 - Division de Honor"]
[Site "Euskadi ESP"]
[Date "2010.01.09"]
[Round "1.32"]
[White "Perez de Miguel, Alvaro"]
[Black "Conquest, Stuart C"]
[Result "0-1"]
[WhiteElo "2193"]
[BlackElo "2551"]
[PlyCount "88"]
[EventDate "2010.01.09"]
[EventType "team"]
[EventRounds "9"]
[EventCountry "ESP"]
[Source "lmi"]
[SourceDate "2010.01.09"]

1. d4 Nf6 2. Bg5 Ne4 3. Bf4 d5 4. e3 g6 5. Bd3 b6 6. c4 Bb7 7. f3 Nf6 8. Nc3
Bg7 9. Nge2 O-O 10. Rc1 dxc4 11. Bxc4 Nbd7 12. e4 c5 13. d5 Ne8 14. O-O Nd6 15.
b3 a6 16. a4 Qc7 17. Bg3 Rad8 18. f4 Qc8 19. e5 Nf5 20. Bf2 e6 21. g4 Ne7 22.
Bh4 f6 23. Ng3 exd5 24. Nxd5 Bxd5 25. Bxd5+ Kh8 26. Be6 Qc6 27. Bxd7 Rxd7 28.
Qe2 Nd5 29. Qe4 Re8 30. Rce1 b5 31. e6 Rd6 32. axb5 axb5 33. Qf3 Rdxe6 34. Rxe6
Qxe6 35. Rc1 f5 36. gxf5 gxf5 37. Nf1 Rg8 38. Kh1 Bd4 39. Bg3 Nxf4 40. Rd1 Ne2
41. Nd2 Nxg3+ 42. hxg3 f4 43. g4 Rxg4 44. Nf1 Rg1+ 0-1

[Event "Liga Vasca 2010 - Division de Honor"]
[Site "Euskadi ESP"]
[Date "2010.01.09"]
[Round "1.33"]
[White "Romero Holmes, Alfonso"]
[Black "Villalta Bustillo, Igor"]
[Result "1-0"]
[WhiteElo "2515"]
[BlackElo "2157"]
[PlyCount "65"]
[EventDate "2010.01.09"]
[EventType "team"]
[EventRounds "9"]
[EventCountry "ESP"]
[Source "lmi"]
[SourceDate "2010.01.09"]

1. c4 e6 2. g3 d5 3. Bg2 c5 4. Nf3 Nc6 5. cxd5 exd5 6. d4 Nf6 7. O-O Be7 8. Nc3
O-O 9. Bg5 Be6 10. dxc5 Bxc5 11. Ne1 Bd4 12. Nd3 h6 13. Bxf6 Bxf6 14. Nf4 Bxc3
15. bxc3 Ne7 16. Rb1 Rb8 17. Qa4 a6 18. Nxe6 fxe6 19. c4 Qd6 20. cxd5 Nxd5 21.
Qd4 Rfd8 22. Rfd1 Qe7 23. Rd3 Rd7 24. Qa7 Rbd8 25. Rdb3 Qf6 26. Bxd5 Rxd5 27.
Rxb7 Qe5 28. R1b4 Rd1+ 29. Kg2 Qa1 30. Qe3 Rg1+ 31. Kh3 Qf1+ 32. Kg4 h5+ 33.
Kh4 1-0

[Event "Liga Vasca 2010 - Division de Honor"]
[Site "Euskadi ESP"]
[Date "2010.01.09"]
[Round "1.34"]
[White "Gutierrez Bustillo, Diego"]
[Black "Gomez Esteban, Juan Mario"]
[Result "0-1"]
[WhiteElo "2020"]
[BlackElo "2490"]
[PlyCount "45"]
[EventDate "2010.01.09"]
[EventType "team"]
[EventRounds "9"]
[EventCountry "ESP"]
[Source "lmi"]
[SourceDate "2010.01.09"]

1. e4 c6 2. d4 d5 3. e5 Bf5 4. Nc3 e6 5. g4 Bg6 6. Nge2 Ne7 7. Ng3 Nd7 8. f4 f5
9. exf6 gxf6 10. Qe2 e5 11. dxe5 fxe5 12. fxe5 Bg7 13. e6 Ne5 14. Be3 Nc4 15.
O-O-O Qa5 16. Rd4 Nxe3 17. Qxe3 Qc5 18. Nge2 O-O-O 19. Qd2 Rhf8 20. Na4 Qd6 21.
Rb4 Rf2 22. Qe3 Qxb4 23. Qxf2 0-1

[Event "Liga Vasca 2010 - Division de Honor"]
[Site "Euskadi ESP"]
[Date "2010.01.09"]
[Round "1.42"]
[White "Ruiz Gomez, Alejandro"]
[Black "Duran Fernandez, Emilio"]
[Result "1-0"]
[WhiteElo "2357"]
[BlackElo "1791"]
[PlyCount "57"]
[EventDate "2010.01.09"]
[EventType "team"]
[EventRounds "9"]
[EventCountry "ESP"]
[Source "lmi"]
[SourceDate "2010.01.09"]

1. Nf3 Nf6 2. g3 g6 3. Bg2 Bg7 4. O-O d5 5. c4 c6 6. d4 O-O 7. b3 Nbd7 8. Nc3
e6 9. Qc2 dxc4 10. bxc4 Nb6 11. Qb3 Ne8 12. Ba3 Nc7 13. Bxf8 Qxf8 14. e4 c5 15.
Rad1 cxd4 16. Nxd4 Qc5 17. Ndb5 Nxc4 18. Rd8+ Bf8 19. Rfd1 Kg7 20. Nxc7 Qxc7
21. Nb5 Qc5 22. Rc1 Qg5 23. Qc3+ Ne5 24. Rxf8 Kxf8 25. Qc5+ Kg8 26. f4 Qh5 27.
fxe5 Qe2 28. Nd6 b6 29. Qf2 1-0

[Event "Liga Vasca 2010 - Division de Honor"]
[Site "Euskadi ESP"]
[Date "2010.01.09"]
[Round "1.43"]
[White "Diaz Redondo, Isidro"]
[Black "Limeres Guiance, Cristobal"]
[Result "0-1"]
[WhiteElo "1681"]
[BlackElo "2250"]
[PlyCount "62"]
[EventDate "2010.01.09"]
[EventType "team"]
[EventRounds "9"]
[EventCountry "ESP"]
[Source "lmi"]
[SourceDate "2010.01.09"]

1. e4 Nf6 2. Nc3 Nc6 3. Nf3 d5 4. Nxd5 Nxd5 5. exd5 Qxd5 6. h3 e5 7. c4 Qd6 8.
Be2 Bf5 9. a3 Be7 10. O-O O-O-O 11. b4 e4 12. Nh2 Be6 13. Qa4 Kb8 14. Rd1 Qe5
15. Ra2 Bd6 16. Nf1 Nd4 17. d3 exd3 18. Bxd3 Qf6 19. Be3 Be5 20. Rad2 Rd6 21.
b5 c5 22. bxc6 Rxc6 23. Rc1 Ra6 24. Qd1 Nc6 25. Be4 Rc8 26. Bd5 Rxa3 27. Rb1
Bxd5 28. cxd5 Nd8 29. Bd4 Bxd4 30. Rxd4 Ra2 31. Qf3 Qxd4 0-1

[Event "Liga Vasca 2010 - Division de Honor"]
[Site "Euskadi ESP"]
[Date "2010.01.09"]
[Round "1.51"]
[White "Lozoya Rodriguez, Alberto"]
[Black "Gallego Eraso, Francisco"]
[Result "0-1"]
[WhiteElo "2221"]
[BlackElo "2368"]
[PlyCount "66"]
[EventDate "2010.01.09"]
[EventType "team"]
[EventRounds "9"]
[EventCountry "ESP"]
[Source "lmi"]
[SourceDate "2010.01.09"]

1. Nf3 c5 2. g3 Nc6 3. c4 g6 4. Nc3 Bg7 5. Bg2 e6 6. O-O Nge7 7. d4 Nxd4 8.
Nxd4 cxd4 9. Nb5 Nf5 10. g4 a6 11. Qa4 axb5 12. Qxa8 Nh4 13. Bxb7 Bxb7 14. Qxb7
bxc4 15. Qb4 h5 16. g5 Qc7 17. Bd2 Be5 18. Rac1 Qc6 19. f3 d5 20. Be1 Nf5 21.
Bf2 Bd6 22. Qd2 O-O 23. Kh1 e5 24. b3 Rc8 25. f4 c3 26. Qd1 Qe8 27. Qd3 e4 28.
Qa6 Bxf4 29. Bxd4 Nxd4 30. Rxf4 Ra8 31. Qb7 Nxe2 32. Rcf1 Nxf4 33. Rxf4 Qd8 0-1

[Event "Liga Vasca 2010 - Division de Honor"]
[Site "Euskadi ESP"]
[Date "2010.01.09"]
[Round "1.52"]
[White "Hernandez, Elvis"]
[Black "Hernandez Izaguirre, Eder"]
[Result "1/2-1/2"]
[WhiteElo "2275"]
[BlackElo "2106"]
[PlyCount "64"]
[EventDate "2010.01.09"]
[EventType "team"]
[EventRounds "9"]
[EventCountry "ESP"]
[Source "lmi"]
[SourceDate "2010.01.09"]

1. e4 c5 2. Nf3 e6 3. d4 cxd4 4. Nxd4 a6 5. c4 Nf6 6. Nc3 Qc7 7. Be2 Nc6 8. a3
Be7 9. Be3 Ne5 10. f4 Nxc4 11. Bxc4 Qxc4 12. Rc1 O-O 13. Nd5 Nxd5 14. Rxc4 Nxe3
15. Qe2 Nxc4 16. Qxc4 b5 17. Qc7 Bd8 18. Qc3 Bb7 19. Qd3 Ba5+ 20. Kf2 Rac8 21.
Kg3 Rc4 22. Nf3 Bxe4 23. Qxd7 Bc7 24. Rd1 Bxf4+ 25. Kh3 Bc7 26. Rd4 Rxd4 27.
Qxd4 Bxf3 28. gxf3 Rd8 29. Qa7 Be5 30. Qxa6 Bxb2 31. Qxb5 Bxa3 32. Qa5 Be7
1/2-1/2

[Event "Liga Vasca 2010 - Division de Honor"]
[Site "Euskadi ESP"]
[Date "2010.01.09"]
[Round "1.53"]
[White "Carasa del Portillo, Mikel"]
[Black "Sanz Perez, Eduardo"]
[Result "1/2-1/2"]
[WhiteElo "2043"]
[BlackElo "2149"]
[PlyCount "88"]
[EventDate "2010.01.09"]
[EventType "team"]
[EventRounds "9"]
[EventCountry "ESP"]
[Source "lmi"]
[SourceDate "2010.01.09"]

1. d4 e6 2. Bf4 b6 3. e3 Bb7 4. Nf3 f5 5. Bd3 Nf6 6. Nbd2 Be7 7. h3 O-O 8. O-O
Ne4 9. c3 Kh8 10. Bh2 d6 11. Qc2 Nxd2 12. Nxd2 Nd7 13. a4 Bh4 14. Be2 e5 15. a5
Qf6 16. Bf3 e4 17. Be2 Bg5 18. Bb5 Qf7 19. a6 Bc8 20. Bc6 Rb8 21. Qb3 Qh5 22.
f4 Bh4 23. Qd1 Qg6 24. Qe2 Nf6 25. Rfc1 Ng8 26. Nf1 Ne7 27. Ba4 d5 28. Bd1 b5
29. Qh5 Qxh5 30. Bxh5 Rb6 31. Ra2 Nc6 32. Be2 Nb8 33. Ra5 Bxa6 34. Rca1 Be7 35.
g4 g6 36. b4 c6 37. Nd2 Bd6 38. g5 Rf7 39. Nb3 Bc8 40. Rxa7 Rxa7 41. Rxa7 Ra6
42. Rxa6 Bxa6 43. Bg3 Nd7 44. Na5 Nb8 1/2-1/2

[Event "Liga Vasca 2010 - Division de Honor"]
[Site "Euskadi ESP"]
[Date "2010.01.09"]
[Round "1.54"]
[White "Lakunza Oyarbide, Juan Carlos"]
[Black "Urbieta Gabancho, Koldo"]
[Result "0-1"]
[WhiteElo "2137"]
[BlackElo "1983"]
[PlyCount "136"]
[EventDate "2010.01.09"]
[EventType "team"]
[EventRounds "9"]
[EventCountry "ESP"]
[Source "lmi"]
[SourceDate "2010.01.09"]

1. d4 d5 2. c4 c6 3. Nf3 Nf6 4. cxd5 cxd5 5. Bf4 a6 6. Nc3 Nc6 7. Rc1 Bf5 8. e3
e6 9. Bd3 Bg6 10. O-O Be7 11. Bxg6 hxg6 12. Qb3 Ra7 13. Na4 Nd7 14. Rfd1 O-O
15. Nc5 Nxc5 16. dxc5 Qa5 17. Qb6 Bd8 18. Qxa5 Bxa5 19. Bd6 Rc8 20. e4 dxe4 21.
Ng5 Nb4 22. Nxe4 Nd5 23. a3 Bc7 24. b4 Raa8 25. Kf1 f6 26. g3 Bd8 27. Nc3 Nc7
28. Bxc7 Rxc7 29. Rd6 Kf7 30. Rcd1 Be7 31. Rd7 Rac8 32. Na4 Ke8 33. Nb6 Rxd7
34. Rxd7 Rb8 35. Ke2 g5 36. h3 f5 37. g4 Bf6 38. Rd6 Ke7 39. Rd7+ Ke8 40. Rd6
Ke7 41. gxf5 exf5 42. Nd5+ Kf7 43. Nxf6 gxf6 44. Rb6 Re8+ 45. Kd3 Re7 46. a4 g4
47. hxg4 fxg4 48. c6 bxc6 49. Rxc6 Rd7+ 50. Ke3 Rb7 51. Rc4 f5 52. Kf4 Ke6 53.
a5 Rb5 54. Rc6+ Kd7 55. Rb6 Rd5 56. Ke3 Re5+ 57. Kd3 Re4 58. Kc3 Re2 59. Rxa6
Rxf2 60. Rg6 Rf3+ 61. Kd4 g3 62. b5 Ra3 63. a6 Kc8 64. Kc5 f4 65. Kc6 Kd8 66.
Rg4 f3 67. Rxg3 f2 68. Rxa3 f1=Q 0-1

[Event "Liga Vasca 2010 - Division de Honor"]
[Site "Euskadi ESP"]
[Date "2010.01.16"]
[Round "2.11"]
[White "Franco Alonso, Alejandro"]
[Black "Gallego Eraso, Francisco"]
[Result "1-0"]
[WhiteElo "2472"]
[BlackElo "2368"]
[PlyCount "99"]
[EventDate "2010.01.09"]
[EventType "team"]
[EventRounds "9"]
[EventCountry "ESP"]
[Source "lmi"]
[SourceDate "2010.01.09"]

1. d4 Nf6 2. c4 e6 3. g3 d5 4. Bg2 Be7 5. Nf3 O-O 6. O-O Nbd7 7. Qc2 c5 8. cxd5
Nxd5 9. Rd1 Qa5 10. a3 cxd4 11. Nxd4 Bf6 12. e4 N5b6 13. Nc3 Qc5 14. Nde2 Ne5
15. a4 Ng4 16. Rf1 Rd8 17. b3 Bxc3 18. Nxc3 Rb8 19. a5 Nd7 20. h3 Nge5 21. Be3
Qc7 22. Bxa7 Ra8 23. Bb6 Nxb6 24. axb6 Qb8 25. Rxa8 Qxa8 26. Nb5 Nc6 27. Na7
Bd7 28. e5 Nxa7 29. bxa7 Qxa7 30. Rd1 Qb8 31. Qd3 Qc7 32. Kh2 Kf8 33. Qxh7 Qxe5
34. Qh8+ Ke7 35. Qh4+ Ke8 36. Qh8+ Ke7 37. Qh4+ Ke8 38. Bxb7 g5 39. Qc4 Rb8 40.
Bc6 Bxc6 41. Qxc6+ Kf8 42. Qc2 Kg7 43. Rd3 g4 44. Re3 Qh5 45. h4 Qd5 46. Qc3+
Kg8 47. Re5 Qxb3 48. Rg5+ Kf8 49. Qc5+ Ke8 50. Qd6 1-0

[Event "Liga Vasca 2010 - Division de Honor"]
[Site "Euskadi ESP"]
[Date "2010.01.16"]
[Round "2.12"]
[White "Hernandez, Elvis"]
[Black "Huerga Leache, Mikel"]
[Result "1-0"]
[WhiteElo "2275"]
[BlackElo "2435"]
[PlyCount "79"]
[EventDate "2010.01.09"]
[EventType "team"]
[EventRounds "9"]
[EventCountry "ESP"]
[Source "lmi"]
[SourceDate "2010.01.09"]

1. e4 e6 2. d4 d5 3. Nc3 Bb4 4. Bd3 dxe4 5. Bxe4 Nf6 6. Bd3 c5 7. a3 Bxc3+ 8.
bxc3 Qc7 9. Nf3 Nbd7 10. O-O b6 11. Re1 Bb7 12. a4 O-O 13. Ne5 Nxe5 14. dxe5
Qc6 15. Bf1 Rad8 16. Qe2 Ne4 17. Ra3 c4 18. Be3 f5 19. exf6 Rxf6 20. Qxc4 Qe8
21. Bd3 Bd5 22. Qb4 Nc5 23. Bxc5 bxc5 24. Qxc5 Rc8 25. Qe3 Qf8 26. Raa1 Rxc3
27. Bxh7+ Kxh7 28. Qxc3 Rxf2 29. Qh3+ Kg8 30. Rf1 Rxf1+ 31. Rxf1 Qc5+ 32. Rf2
Qb4 33. Qd3 Qxa4 34. Qf1 a5 35. Rf8+ Kh7 36. Qd3+ Be4 37. Qh3+ Kg6 38. Qg4+ Kh6
39. Rh8+ Bh7 40. Qxa4 1-0

[Event "Liga Vasca 2010 - Division de Honor"]
[Site "Euskadi ESP"]
[Date "2010.01.16"]
[Round "2.13"]
[White "Gonzalez de la Torre, Santiago"]
[Black "Lakunza Oyarbide, Juan Carlos"]
[Result "1-0"]
[WhiteElo "2405"]
[BlackElo "2137"]
[PlyCount "79"]
[EventDate "2010.01.09"]
[EventType "team"]
[EventRounds "9"]
[EventCountry "ESP"]
[Source "lmi"]
[SourceDate "2010.01.09"]

1. e4 e5 2. Nf3 Nc6 3. Bb5 a6 4. Ba4 Nf6 5. O-O Be7 6. Re1 b5 7. Bb3 d6 8. c3
O-O 9. h3 Nb8 10. d4 Nbd7 11. Nbd2 Bb7 12. Bc2 Re8 13. Nf1 Bf8 14. Ng3 g6 15.
a4 c5 16. d5 c4 17. Bg5 h6 18. Be3 Nc5 19. Qd2 Kh7 20. Ra3 Nxa4 21. Bxa4 bxa4
22. Qe2 Nxe4 23. Nxe4 Bxd5 24. Bb6 Qxb6 25. Nf6+ Kg7 26. Nxd5 Qc6 27. Qd2 Rab8
28. Rea1 Rb5 29. Ne3 Reb8 30. Rxa4 Rxb2 31. Rxc4 Qb6 32. Qd5 Be7 33. Rc6 Rb1+
34. Rxb1 Qxb1+ 35. Kh2 Rb5 36. Qc4 e4 37. Qd4+ Bf6 38. Qxd6 Bxc3 39. Rxc3 exf3
40. Qd4+ 1-0

[Event "Liga Vasca 2010 - Division de Honor"]
[Site "Euskadi ESP"]
[Date "2010.01.16"]
[Round "2.14"]
[White "Segovia Sanchez, Antonio"]
[Black "Argandoña Rivero, Iñigo"]
[Result "0-1"]
[WhiteElo "1998"]
[BlackElo "2382"]
[PlyCount "77"]
[EventDate "2010.01.09"]
[EventType "team"]
[EventRounds "9"]
[EventCountry "ESP"]
[Source "lmi"]
[SourceDate "2010.01.09"]

1. d4 Nf6 2. Nf3 g6 3. Bf4 Bg7 4. Nbd2 O-O 5. e3 d6 6. h3 Nbd7 7. Be2 Re8 8.
O-O b6 9. c3 Bb7 10. Bg5 e5 11. Ne1 Qe7 12. Nc2 Rad8 13. a4 a5 14. Re1 Nf8 15.
Bb5 c6 16. Bf1 h6 17. Bxf6 Bxf6 18. Qb1 Qc7 19. Qa2 Bc8 20. b4 Be6 21. Qb2 axb4
22. Qxb4 c5 23. Qb2 Rc8 24. Rec1 exd4 25. cxd4 Ra8 26. Bb5 Rec8 27. Na3 d5 28.
Rab1 Bf5 29. Ra1 h5 30. Nc2 g5 31. Ra3 g4 32. hxg4 hxg4 33. Qa2 cxd4 34. Qxd5
Bxc2 35. Bd3 Qe7 36. Rxc2 Rxc2 37. Bxc2 Qxa3 38. Qe4 Qc1+ 39. Nf1 0-1

[Event "Liga Vasca 2010 - Division de Honor"]
[Site "Euskadi ESP"]
[Date "2010.01.16"]
[Round "2.21"]
[White "Iruzubieta Villaluenga, Jesus M"]
[Black "Hernandez Izaguirre, Eder"]
[Result "1-0"]
[WhiteElo "2416"]
[BlackElo "2106"]
[PlyCount "99"]
[EventDate "2010.01.09"]
[EventType "team"]
[EventRounds "9"]
[EventCountry "ESP"]
[Source "lmi"]
[SourceDate "2010.01.09"]

1. e4 c5 2. Nc3 a6 3. Nf3 e6 4. d4 cxd4 5. Nxd4 Qc7 6. Bd3 Bc5 7. Nb3 Be7 8.
O-O Nf6 9. f4 d6 10. Qe1 Nbd7 11. Qg3 b6 12. Bd2 Bb7 13. Rae1 O-O-O 14. Qf2 g6
15. Qe2 Nb8 16. Be3 Nfd7 17. Nd4 Nc5 18. b4 Nxd3 19. cxd3 Qxc3 20. Rc1 Qxc1 21.
Rxc1+ Kd7 22. Nf3 b5 23. Qb2 Nc6 24. a3 Rc8 25. Qg7 Rcf8 26. Qb2 Rc8 27. Rf1 f5
28. Re1 Rhg8 29. Qa2 Nd8 30. Bb6 fxe4 31. dxe4 Rc4 32. Nd2 Rc6 33. Be3 Rf8 34.
Rd1 Ke8 35. Nf3 Rc4 36. Rd4 Rc3 37. Bd2 Rc6 38. h4 Bc8 39. Qb1 Nf7 40. Rd3 Bd8
41. Qe1 Rc4 42. Rc3 Bb6+ 43. Be3 Rxc3 44. Qxc3 Bxe3+ 45. Qxe3 Nd8 46. g3 Bb7
47. Qd4 Ke7 48. Ng5 h6 49. Qg7+ Nf7 50. Nh7 1-0